Catálogo
 En Linea

El Quijote / (Registro nro. 19214)

Detalles MARC
000 -CABECERA
campo de control de longitud fija 00918cam a2200301 i 4500
001 - NÚMERO DE CONTROL
campo de control 000019699
003 - IDENTIFICADOR DEL NÚMERO DE CONTROL
campo de control DO-SdBNP
005 - FECHA Y HORA DE LA ÚLTIMA TRANSACCIÓN
campo de control 20230503112950.0
007 - CAMPO FIJO DE DESCRIPCIÓN FÍSICA--INFORMACIÓN GENERAL
campo de control de longitud fija ta
008 - DATOS DE LONGITUD FIJA--INFORMACIÓN GENERAL
campo de control de longitud fija 831220s1958 sp 000 0 spa
040 ## - FUENTE DE LA CATALOGACIÓN
Centro catalogador/agencia de origen DO-SdBNP
Lengua de catalogación spa
Centro/agencia transcriptor BNPHU
Normas de descripción rda
049 ## - FONDOS LOCALES (OCLC)
Fondos de biblioteca BNGR
082 #4 - NÚMERO DE LA CLASIFICACIÓN DECIMAL DEWEY
Número de clasificación 861.3
Número de documento/Ítem 1958
Número de edición 22
240 10 - TÍTULO UNIFORME
Título uniforme Segundo tomo del ingenioso hidalgo Don Quixote de la Mancha
245 13 - MENCIÓN DE TÍTULO
Título El Quijote /
Mención de responsabilidad, etc. Alonso Fernández de Avellaneda.
250 ## - MENCIÓN DE EDICIÓN
Mención de edición 3a. ed.
264 ## - PRODUCCIÓN, PUBLICACIÓN, DISTRIBUCIÓN, FABRICACIÓN Y COPYRIGHT
Producción, publicación, distribución, fabricación y copyright Madrid :
Nombre del de productor, editor, distribuidor, fabricante Espasa-Calpe,
Fecha de producción, publicación, distribución, fabricación o copyright 1958-
300 ## - DESCRIPCIÓN FÍSICA
Extensión 313 páginas ;
Dimensiones 18 cm.
336 ## - TIPO DE CONTENIDO
Fuente rdacontent
Término de tipo de contenido texto
Código de tipo de contenido txt
337 ## - TIPO DE MEDIO
Fuente rdamedia
Nombre/término del tipo de medio sin mediación
Código del tipo de medio n
338 ## - TIPO DE SOPORTE
Fuente rdacarrier
Nombre/término del tipo de soporte volumen
Código del tipo de soporte nc
490 1# - MENCIÓN DE SERIE
Mención de serie Austral. Gris : clásicos ;
Designación de volumen o secuencia 603
500 ## - NOTA GENERAL
Nota general Incluye índice de autores.
650 #4 - PUNTO DE ACCESO ADICIONAL DE MATERIA--TÉRMINO DE MATERIA
Término de materia o nombre geográfico como elemento de entrada Novela española
9 (RLIN) 1123
650 #4 - PUNTO DE ACCESO ADICIONAL DE MATERIA--TÉRMINO DE MATERIA
Término de materia o nombre geográfico como elemento de entrada Literatura española
9 (RLIN) 632
830 #0 - PUNTO DE ACCESO ADICIONAL DE SERIE-TÍTULO UNIFORME
Título uniforme Austral. Gris : clásicos ;
Número de parte o sección de la obra 603
9 (RLIN) 42146
942 ## - ELEMENTOS DE PUNTO DE ACCESO ADICIONAL (KOHA)
Fuente del sistema de clasificación o colocación Dewey Decimal Classification
Tipo de ítem Koha Libro
Existencias
Estado de retiro Estado de pérdida Fuente del sistema de clasificación o colocación Restricciones de uso No para préstamo Código de colección Localización permanente Ubicación/localización actual Ubicación en estantería Fecha de adquisición Signatura topográfica completa Código de barras Fecha visto por última vez Precio válido a partir de Tipo de ítem Koha
    Dewey Decimal Classification Préstamo especial   General Biblioteca Nacional Pedro Henríquez Ureña Biblioteca Nacional Pedro Henríquez Ureña En catalogación 02.07.2010 BNPHU GR-RV 861.3 1958 19699-10 25.06.2020 25.06.2020 Libro

Con tecnología Koha